[Event "12. Open de Sants 2010"]
[Site "Barcelona ESP"]
[Date "2010.08.27"]
[Round "8.15"]
[White "Bergez, Luc"]
[Black "Cruz, Cristhian"]
[Result "1-0"]
[WhiteElo "2394"]
[BlackElo "2536"]
[PlyCount "63"]
[EventDate "2010.08.20"]
[EventType "swiss"]
[EventRounds "10"]
[EventCountry "ESP"]
[Source "lmi"]
[SourceDate "2010.08.20"]

1. d4 Nf6 2. c4 e6 3. Nf3 b6 4. Nc3 Bb7 5. Bf4 Bb4 6. e3 O-O 7. Bd3 Ne4 8. O-O
Bxc3 9. bxc3 f5 10. Nd2 Nxd2 11. Qxd2 d6 12. f3 Nd7 13. e4 fxe4 14. fxe4 Qh4
15. Rf3 e5 16. Bg5 Qh5 17. Rh3 Qg6 18. Rg3 Qe6 19. d5 Qe8 20. Bh6 Rf7 21. Rf1
Rxf1+ 22. Bxf1 g6 23. Qg5 Qd8 24. Qg4 Nc5 25. Bg5 Qd7 26. Qh4 Rf8 27. Be2 Qa4
28. Bf6 Qd7 29. Bg4 Qf7 30. Rf3 Qe8 31. Rh3 Rf7 32. Qg5 1-0

[Event "12. Open de Sants 2010"]
[Site "Barcelona ESP"]
[Date "2010.08.27"]
[Round "8.16"]
[White "Bhat, Vinay S"]
[Black "Gonzalez Perez, Arian"]
[Result "1-0"]
[WhiteElo "2536"]
[BlackElo "2403"]
[PlyCount "71"]
[EventDate "2010.08.20"]
[EventType "swiss"]
[EventRounds "10"]
[EventCountry "ESP"]
[Source "lmi"]
[SourceDate "2010.08.20"]

1. d4 Nf6 2. c4 g6 3. Nc3 Bg7 4. e4 d6 5. Nf3 O-O 6. Be2 e5 7. Be3 exd4 8. Nxd4
Re8 9. f3 c6 10. Bf2 d5 11. exd5 cxd5 12. c5 Nc6 13. O-O Nh5 14. Qd2 Be5 15. g3
Ng7 16. Bb5 Bd7 17. Rfd1 Nxd4 18. Bxd4 Bxd4+ 19. Qxd4 Bxb5 20. Nxb5 Nf5 21. Qf2
Qa5 22. Nc3 d4 23. Ne4 Qd8 24. Nd6 Re3 25. Rac1 Qg5 26. Rc4 Kg7 27. Ne4 Qe7 28.
Rcxd4 Re8 29. Rd7 Qe5 30. R1d5 Qe6 31. g4 Rxe4 32. fxe4 Qxe4 33. h3 Kg8 34.
gxf5 Qc4 35. Rd8 Qc1+ 36. Kh2 1-0

[Event "12. Open de Sants 2010"]
[Site "Barcelona ESP"]
[Date "2010.08.27"]
[Round "8.17"]
[White "Strunski, Andreas"]
[Black "Cabrera, Alexis"]
[Result "0-1"]
[WhiteElo "2365"]
[BlackElo "2533"]
[PlyCount "110"]
[EventDate "2010.08.20"]
[EventType "swiss"]
[EventRounds "10"]
[EventCountry "ESP"]
[Source "lmi"]
[SourceDate "2010.08.20"]

1. d4 Nf6 2. c4 g6 3. Nc3 Bg7 4. e4 d6 5. Be2 O-O 6. Bg5 h6 7. Be3 c5 8. dxc5
Qa5 9. Bd2 Qxc5 10. Nf3 Bg4 11. Be3 Qa5 12. Nd2 Bxe2 13. Qxe2 Nc6 14. O-O Rfc8
15. Rfc1 Qe5 16. Rab1 Nd4 17. Qd1 g5 18. b4 Nd7 19. Nd5 Kf8 20. h4 Nf6 21. Nxf6
Bxf6 22. hxg5 hxg5 23. Bxd4 Qxd4 24. Qe2 a5 25. Nb3 Qe5 26. Nxa5 b6 27. Nb3 Ra4
28. b5 d5 29. cxd5 Rxc1+ 30. Rxc1 Rxe4 31. Qd2 Re2 32. Qd3 Rxa2 33. Nd2 Qf4 34.
Rd1 Bd4 35. Qe2 Bc3 36. Qc4 Bd4 37. Qe2 g4 38. Kf1 g3 39. Qf3 Qxf3 40. gxf3
Bxf2 41. Ne4 f5 42. Nxf2 Rxf2+ 43. Kg1 f4 44. d6 Ke8 45. Re1 e5 46. Rxe5+ Kd7
47. Rf5 Rxf3 48. Rf6 Rf2 49. Kh1 f3 50. Kg1 Rg2+ 51. Kf1 Rh2 52. Rxf3 Rf2+ 53.
Rxf2 gxf2 54. Kxf2 Kxd6 55. Ke3 Kc5 0-1

[Event "12. Open de Sants 2010"]
[Site "Barcelona ESP"]
[Date "2010.08.27"]
[Round "8.18"]
[White "Cuartas, Jaime Alexander"]
[Black "Michielsen, Joost"]
[Result "1-0"]
[WhiteElo "2529"]
[BlackElo "2397"]
[PlyCount "57"]
[EventDate "2010.08.20"]
[EventType "swiss"]
[EventRounds "10"]
[EventCountry "ESP"]
[Source "lmi"]
[SourceDate "2010.08.20"]

1. e4 c5 2. c3 Nf6 3. e5 Nd5 4. Nf3 e6 5. g3 d6 6. Bg2 Nc6 7. exd6 Bxd6 8. O-O
O-O 9. d4 b6 10. c4 Nde7 11. Nc3 Bb7 12. Nb5 cxd4 13. Nfxd4 Bb8 14. Bg5 Qc8 15.
Nxc6 Nxc6 16. Nd6 Bxd6 17. Qxd6 f6 18. Bf4 g5 19. Bh3 Nd8 20. Be3 Qxc4 21. f3
Bd5 22. Rac1 Qxa2 23. Bd4 Nb7 24. Qa3 Rac8 25. Rxc8 Rxc8 26. Qe7 Rf8 27. Bf5
Rf7 28. Qe8+ Kg7 29. Bxh7 1-0

[Event "12. Open de Sants 2010"]
[Site "Barcelona ESP"]
[Date "2010.08.27"]
[Round "8.19"]
[White "Cori Tello, Jorge"]
[Black "Sbarra, Marco"]
[Result "1-0"]
[WhiteElo "2486"]
[BlackElo "2319"]
[PlyCount "59"]
[EventDate "2010.08.20"]
[EventType "swiss"]
[EventRounds "10"]
[EventCountry "ESP"]
[Source "lmi"]
[SourceDate "2010.08.20"]

1. e4 e5 2. Nf3 Nc6 3. Bc4 Nf6 4. d3 Be7 5. O-O O-O 6. Nbd2 d6 7. a4 Be6 8. Re1
Bxc4 9. Nxc4 Re8 10. c3 Qd7 11. Qb3 Rab8 12. Bg5 h6 13. Bxf6 Bxf6 14. Ne3 g6
15. Rad1 Bg7 16. h4 h5 17. g3 Nd8 18. Qc2 b5 19. axb5 Qxb5 20. b4 Nb7 21. Ra1
Ra8 22. Nd5 Qd7 23. Ra6 Nd8 24. Rea1 Ne6 25. Rxa7 Rxa7 26. Rxa7 Nf4 27. Rxc7
Qh3 28. Nxf4 exf4 29. Ng5 Qg4 30. Qa2 1-0

[Event "12. Open de Sants 2010"]
[Site "Barcelona ESP"]
[Date "2010.08.27"]
[Round "8.23"]
[White "Colon Garcia, Enrique"]
[Black "Leniart, Arkadiusz"]
[Result "1/2-1/2"]
[WhiteElo "2314"]
[BlackElo "2423"]
[PlyCount "68"]
[EventDate "2010.08.20"]
[EventType "swiss"]
[EventRounds "10"]
[EventCountry "ESP"]
[Source "lmi"]
[SourceDate "2010.08.20"]

1. e4 c5 2. Nf3 d6 3. d4 cxd4 4. Nxd4 Nf6 5. Nc3 a6 6. Be3 e5 7. Nb3 Be6 8. Qd2
Nbd7 9. f4 b5 10. O-O-O Be7 11. Kb1 Rc8 12. Bd3 Nc5 13. fxe5 dxe5 14. Qf2 Qc7
15. h3 O-O 16. Qf3 Nxb3 17. cxb3 Rfd8 18. Bf2 Rd7 19. g4 Rcd8 20. Bc2 Rxd1+ 21.
Rxd1 Rxd1+ 22. Qxd1 Nd7 23. Bd3 a5 24. Qc2 b4 25. Na4 Qxc2+ 26. Kxc2 h5 27. Bc4
Nf6 28. Bh4 Bc8 29. Bxf6 Bxf6 30. Nb6 Bb7 31. Bd5 hxg4 32. hxg4 Ba6 33. Bc4 Bb7
34. Bd3 Ba6 1/2-1/2

[Event "12. Open de Sants 2010"]
[Site "Barcelona ESP"]
[Date "2010.08.28"]
[Round "9.1"]
[White "Rodshtein, Maxim"]
[Black "Perez Mitjans, Orelvis"]
[Result "1-0"]
[WhiteElo "2609"]
[BlackElo "2424"]
[PlyCount "121"]
[EventDate "2010.08.20"]
[EventType "swiss"]
[EventRounds "10"]
[EventCountry "ESP"]
[Source "lmi"]
[SourceDate "2010.08.20"]

1. c4 Nf6 2. Nc3 c6 3. d4 d5 4. e3 a6 5. Nf3 e6 6. Qc2 b5 7. c5 a5 8. Bd3 Nbd7
9. O-O Be7 10. a3 Qc7 11. e4 dxe4 12. Nxe4 Nxe4 13. Bxe4 Nf6 14. Bg5 Nxe4 15.
Bxe7 Qxe7 16. Qxe4 Bb7 17. a4 b4 18. Rfe1 O-O 19. Ne5 Qd8 20. Re3 Qd5 21. Qxd5
cxd5 22. f4 Rfd8 23. Rae1 Kf8 24. g4 f6 25. Nf3 Bc8 26. Kf2 Bd7 27. b3 h6 28.
Kg3 Kf7 29. h4 Rac8 30. h5 Rc6 31. Nh4 Bc8 32. Ng6 Rc7 33. f5 e5 34. dxe5 d4
35. Rd3 Rxc5 36. exf6 Rc3 37. Kf4 Kxf6 38. Ne5 Rd5 39. Rd2 d3 40. Nf3 Rxb3 41.
Re8 Rc3 42. Rg2 Bb7 43. Re6+ Kf7 44. Rd2 Bc6 45. Ne5+ Rxe5 46. Rxe5 Bxa4 47.
Rxa5 Bc2 48. Ra7+ Kf8 49. Ke3 Ra3 50. Rb7 b3 51. Rf2 Ra6 52. Rf4 Ke8 53. Rfb4
Kf8 54. Rd7 Ra8 55. Rbb7 Re8+ 56. Kd2 Re2+ 57. Kc3 Ke8 58. Rxg7 Kf8 59. Rh7 Kg8
60. Rbg7+ Kf8 61. f6 1-0

[Event "12. Open de Sants 2010"]
[Site "Barcelona ESP"]
[Date "2010.08.28"]
[Round "9.2"]
[White "Nijboer, Friso"]
[Black "Barrientos, Sergio E"]
[Result "0-1"]
[WhiteElo "2582"]
[BlackElo "2477"]
[PlyCount "122"]
[EventDate "2010.08.20"]
[EventType "swiss"]
[EventRounds "10"]
[EventCountry "ESP"]
[Source "lmi"]
[SourceDate "2010.08.20"]

1. e4 c5 2. Nf3 d6 3. d4 cxd4 4. Nxd4 Nf6 5. Nc3 a6 6. Be2 e5 7. Nb3 Be7 8. O-O
O-O 9. Kh1 b6 10. Be3 Bb7 11. f3 b5 12. a4 b4 13. Nd5 Nxd5 14. exd5 Nd7 15. c3
bxc3 16. bxc3 Bg5 17. Bf2 Qc7 18. c4 Rab8 19. Bd3 f5 20. Qc2 g6 21. Rfd1 Nf6
22. a5 Rfc8 23. Bb6 Qf7 24. Qe2 Re8 25. Rab1 e4 26. Bc2 Rbc8 27. fxe4 Nxe4 28.
Qd3 Bf6 29. Rf1 Nc3 30. Rbe1 Na4 31. Rxe8+ Qxe8 32. Bd4 Nb2 33. Bxb2 Bxb2 34.
Nd4 Qe5 35. Nf3 Qg7 36. Qe2 Bf6 37. Bd3 Qd7 38. Rb1 Rc5 39. Qe1 Qc7 40. h4 Bc8
41. Rb6 Kg7 42. h5 g5 43. Qg3 f4 44. Qe1 Kf8 45. Qe4 Qe7 46. Qxe7+ Kxe7 47. Be4
Kf7 48. Rb8 Ke7 49. Nd2 Bd7 50. Bxh7 Rxa5 51. Rb7 Ra1+ 52. Kh2 Kd8 53. Rb8+ Kc7
54. Rb1 Ra2 55. Ne4 Be5 56. Kh1 g4 57. c5 dxc5 58. Nxc5 f3 59. gxf3 gxf3 60.
Be4 Rh2+ 61. Kg1 f2+ 0-1

[Event "12. Open de Sants 2010"]
[Site "Barcelona ESP"]
[Date "2010.08.28"]
[Round "9.3"]
[White "Khmelniker, Ilya"]
[Black "Peralta, Fernando"]
[Result "0-1"]
[WhiteElo "2483"]
[BlackElo "2570"]
[PlyCount "62"]
[EventDate "2010.08.20"]
[EventType "swiss"]
[EventRounds "10"]
[EventCountry "ESP"]
[Source "lmi"]
[SourceDate "2010.08.20"]

1. d4 d5 2. Nf3 Nf6 3. c4 e6 4. Nc3 Bb4 5. Bg5 Nbd7 6. cxd5 exd5 7. Qc2 c5 8.
a3 Bxc3+ 9. Qxc3 c4 10. Qe3+ Qe7 11. Qxe7+ Kxe7 12. Nd2 h6 13. Bh4 b5 14. e4 g5
15. Bg3 Nxe4 16. Nxe4 dxe4 17. a4 f5 18. Bc7 Ba6 19. d5 Nc5 20. axb5 Bxb5 21.
Ra5 a6 22. Bxc4 Nd3+ 23. Bxd3 exd3 24. Kd2 Kd7 25. Be5 Rhc8 26. Bc3 Re8 27.
Rha1 Re2+ 28. Kd1 Rae8 29. Bb4 Rxf2 30. Rxb5 Ree2 31. Rb7+ Kc8 0-1

[Event "12. Open de Sants 2010"]
[Site "Barcelona ESP"]
[Date "2010.08.28"]
[Round "9.4"]
[White "Rojas Keim, Luis"]
[Black "Handke, Florian"]
[Result "1/2-1/2"]
[WhiteElo "2437"]
[BlackElo "2494"]
[PlyCount "98"]
[EventDate "2010.08.20"]
[EventType "swiss"]
[EventRounds "10"]
[EventCountry "ESP"]
[Source "lmi"]
[SourceDate "2010.08.20"]

1. d4 d5 2. c4 c6 3. Nf3 Nf6 4. e3 Bf5 5. Nc3 e6 6. Nh4 Be4 7. f3 Bg6 8. Qb3
Qc7 9. Bd2 Be7 10. g3 a6 11. Rc1 dxc4 12. Qxc4 b5 13. Qe2 Nbd7 14. Nxg6 hxg6
15. e4 Qa7 16. Be3 c5 17. Qf2 O-O 18. e5 Nh7 19. dxc5 Bxc5 20. Bxc5 Nxc5 21.
Be2 Rfd8 22. O-O Rd2 23. b4 Nd7 24. f4 g5 25. Rfd1 Rb2 26. Rb1 Rc2 27. Rbc1 Rb2
28. Rb1 Rxb1 29. Nxb1 Qc7 30. Qd4 Nhf8 31. Nc3 gxf4 32. gxf4 Rc8 33. Ne4 Qc2
34. Rd2 Qb1+ 35. Kg2 Ng6 36. Nd6 Rc7 37. Bd3 Qe1 38. Bxg6 fxg6 39. Qf2 Qb1 40.
Ne8 Qe4+ 41. Qf3 Qxb4 42. Qd3 Rc1 43. Qd4 Nf8 44. a4 Qxd4 45. Rxd4 bxa4 46.
Rxa4 Rc6 47. h4 Kf7 48. Nd6+ Ke7 49. Rb4 Nd7 1/2-1/2

[Event "12. Open de Sants 2010"]
[Site "Barcelona ESP"]
[Date "2010.08.28"]
[Round "9.6"]
[White "Markowski, Tomasz"]
[Black "Cori Tello, Jorge"]
[Result "1-0"]
[WhiteElo "2628"]
[BlackElo "2486"]
[PlyCount "75"]
[EventDate "2010.08.20"]
[EventType "swiss"]
[EventRounds "10"]
[EventCountry "ESP"]
[Source "lmi"]
[SourceDate "2010.08.20"]

1. g3 g6 2. Bg2 Bg7 3. c4 d6 4. Nc3 e5 5. d3 Ne7 6. e4 Nbc6 7. Nge2 f5 8. O-O
O-O 9. Nd5 Be6 10. Be3 Qd7 11. Qd2 Rae8 12. Rad1 Kh8 13. b3 b6 14. b4 Bg8 15.
Bg5 Nc8 16. exf5 gxf5 17. f4 h6 18. Bh4 Bxd5 19. Bxd5 N6e7 20. Bxe7 Nxe7 21.
Bg2 c6 22. a4 a6 23. Qe3 Qc7 24. Qf3 a5 25. b5 cxb5 26. cxb5 Rc8 27. Rc1 Qd7
28. Qb7 Qxb7 29. Bxb7 Rc5 30. fxe5 Rxc1 31. Rxc1 dxe5 32. Rc7 Ng8 33. Bd5 Nf6
34. Be6 e4 35. Nf4 Rd8 36. Bxf5 exd3 37. Bxd3 Nd5 38. Nxd5 1-0

[Event "12. Open de Sants 2010"]
[Site "Barcelona ESP"]
[Date "2010.08.28"]
[Round "9.7"]
[White "Gerzhoy, Leonid"]
[Black "Bluvshtein, Mark"]
[Result "1-0"]
[WhiteElo "2471"]
[BlackElo "2583"]
[PlyCount "65"]
[EventDate "2010.08.20"]
[EventType "swiss"]
[EventRounds "10"]
[EventCountry "ESP"]
[Source "lmi"]
[SourceDate "2010.08.20"]

1. c4 Nf6 2. Nc3 c5 3. Nf3 Nc6 4. d4 cxd4 5. Nxd4 e6 6. g3 Qb6 7. Nb3 Ne5 8. e4
Bb4 9. Qe2 d6 10. f4 Nc6 11. Bg2 O-O 12. Be3 Bxc3+ 13. bxc3 Qc7 14. c5 d5 15.
e5 Nd7 16. c4 d4 17. Nxd4 Nxd4 18. Bxd4 Nxc5 19. Qe3 Na4 20. O-O Nb6 21. c5 Nc4
22. Qc3 Na5 23. f5 Nc6 24. f6 Rd8 25. Bxc6 Qxc6 26. Qe3 Kh8 27. fxg7+ Kg8 28.
Rxf7 Kxf7 29. Qg5 Qd5 30. Rf1+ Kg8 31. Qf6 Qxd4+ 32. Kg2 Qe4+ 33. Kh3 1-0

[Event "12. Open de Sants 2010"]
[Site "Barcelona ESP"]
[Date "2010.08.28"]
[Round "9.9"]
[White "Brunner, Nicolas"]
[Black "Narciso Dublan, Marc"]
[Result "1/2-1/2"]
[WhiteElo "2451"]
[BlackElo "2540"]
[PlyCount "106"]
[EventDate "2010.08.20"]
[EventType "swiss"]
[EventRounds "10"]
[EventCountry "ESP"]
[Source "lmi"]
[SourceDate "2010.08.20"]

1. d4 e6 2. c4 c5 3. d5 exd5 4. cxd5 d6 5. Nc3 Ne7 6. e4 Ng6 7. g3 Be7 8. Bg2
O-O 9. Nge2 Na6 10. O-O Nc7 11. a4 b6 12. f4 Rb8 13. Rb1 a5 14. Be3 f5 15. Qd2
fxe4 16. Nxe4 Bf5 17. Rbe1 Qd7 18. N2c3 b5 19. axb5 Nxb5 20. Ra1 Nxc3 21. Nxc3
Bd8 22. Rfe1 Rb4 23. Bf2 a4 24. Be4 Ba5 25. Qc2 Rxe4 26. Rxe4 Bxc3 27. bxc3
Bxe4 28. Qxe4 Ra8 29. Ra3 Ne7 30. Be1 Nc8 31. c4 Nb6 32. Re3 a3 33. Bc3 a2 34.
Ba1 Ra4 35. Rc3 Nc8 36. Re3 Nb6 37. Rc3 Nc8 38. Re3 Ra8 39. f5 Rb8 40. Re1 Qe7
41. Qxe7 Nxe7 42. Rxe7 Rb1+ 43. Kg2 Rxa1 44. Ra7 Kf8 45. g4 Rc1 46. Rxa2 Rxc4
47. Kf3 Rd4 48. g5 c4 49. Ra8+ Ke7 50. Ra7+ Kd8 51. Ra8+ Ke7 52. Ra7+ Kf8 53.
Ra8+ Ke7 1/2-1/2

[Event "12. Open de Sants 2010"]
[Site "Barcelona ESP"]
[Date "2010.08.28"]
[Round "9.10"]
[White "Sidorenko, Ilya"]
[Black "Bhat, Vinay S"]
[Result "1/2-1/2"]
[WhiteElo "2409"]
[BlackElo "2536"]
[PlyCount "138"]
[EventDate "2010.08.20"]
[EventType "swiss"]
[EventRounds "10"]
[EventCountry "ESP"]
[Source "lmi"]
[SourceDate "2010.08.20"]

1. e4 e5 2. Nf3 Nc6 3. Bb5 a6 4. Ba4 Nf6 5. O-O Be7 6. Re1 b5 7. Bb3 d6 8. c3
O-O 9. h3 Re8 10. d4 Bb7 11. Nbd2 Bf8 12. a3 h6 13. d5 Na5 14. Ba2 c6 15. b4
Nc4 16. Nxc4 bxc4 17. Bxc4 cxd5 18. Bxd5 Nxd5 19. exd5 e4 20. Nh2 Qc7 21. Bb2
Qc4 22. Ng4 Qxd5 23. Ne3 Qe6 24. c4 f5 25. Qh5 Bc8 26. Rad1 Ra7 27. Nxf5 g6 28.
Nxh6+ Kh7 29. Qh4 g5 30. Qh5 Bxh6 31. Rxd6 Qxd6 32. Qxe8 Qe6 33. Rxe4 Qxe8 34.
Rxe8 Bf5 35. b5 axb5 36. cxb5 Ra5 37. Re5 Bd3 38. b6 Rxe5 39. Bxe5 Ba6 40. a4
Bf8 41. Bd4 Bb4 42. f3 Kg6 43. Kf2 Kf5 44. Be3 Bd6 45. g3 Bb7 46. Kg2 Bb4 47.
Bf2 Bc6 48. Be3 Bxa4 49. b7 Bd6 50. Ba7 Bc6 51. b8=Q Bxb8 52. Bxb8 Kg6 53. Bc7
Bb7 54. Bd8 Bc6 55. g4 Bb5 56. Kg3 Bd3 57. f4 gxf4+ 58. Kxf4 Bf1 59. h4 Bb5 60.
Ba5 Bd7 61. Bd2 Be8 62. Ke5 Bd7 63. Kf4 Be8 64. Bc3 Bd7 65. Bb4 Be6 66. Bc3 Bd7
67. h5+ Kh7 68. Kg5 Be6 69. Kh4 Bd7 1/2-1/2

[Event "12. Open de Sants 2010"]
[Site "Barcelona ESP"]
[Date "2010.08.28"]
[Round "9.11"]
[White "Cabrera, Alexis"]
[Black "Zoler, Dan"]
[Result "1/2-1/2"]
[WhiteElo "2533"]
[BlackElo "2474"]
[PlyCount "119"]
[EventDate "2010.08.20"]
[EventType "swiss"]
[EventRounds "10"]
[EventCountry "ESP"]
[Source "lmi"]
[SourceDate "2010.08.20"]

1. c4 Nf6 2. Nf3 c6 3. d4 d5 4. e3 Bg4 5. Qb3 Qb6 6. Nc3 e6 7. Nh4 Nbd7 8. h3
Bh5 9. g4 Bg6 10. Nxg6 hxg6 11. Bg2 Be7 12. g5 Nh5 13. e4 dxc4 14. Qxc4 e5 15.
Be3 exd4 16. Bxd4 Qa5 17. h4 Ne5 18. Qa4 Qxa4 19. Nxa4 Bb4+ 20. Kf1 Bd6 21. Nc3
Ke7 22. Ne2 Rhd8 23. Rh3 c5 24. Bc3 Bc7 25. a4 Rd7 26. Bf3 Rd3 27. Kg2 Nxf3 28.
Rxf3 Rad8 29. Ra3 Rxf3 30. Kxf3 Rd3+ 31. Kg4 Kd7 32. Ra1 b6 33. Rf1 Kc6 34. Nc1
Rd7 35. f4 a6 36. Rf3 b5 37. axb5+ axb5 38. Nd3 b4 39. Ne5+ Bxe5 40. Bxe5 Rd2
41. b3 Rg2+ 42. Kh3 Re2 43. Rd3 Rxe4 44. Kg4 Re1 45. Kf3 Rh1 46. Ke4 Rxh4 47.
Rd6+ Kb5 48. Rd8 f6 49. Kd5 Nxf4+ 50. Bxf4 Rxf4 51. Rb8+ Ka6 52. Kxc5 fxg5 53.
Rb6+ Ka5 54. Rb5+ Ka6 55. Rb6+ Ka7 56. Rxg6 g4 57. Rxg7+ Ka6 58. Rh7 Rf5+ 59.
Kxb4 Rg5 60. Kc4 1/2-1/2

[Event "12. Open de Sants 2010"]
[Site "Barcelona ESP"]
[Date "2010.08.28"]
[Round "9.12"]
[White "Karlsson, Lars"]
[Black "Cuartas, Jaime Alexander"]
[Result "1/2-1/2"]
[WhiteElo "2449"]
[BlackElo "2529"]
[PlyCount "107"]
[EventDate "2010.08.20"]
[EventType "swiss"]
[EventRounds "10"]
[EventCountry "ESP"]
[Source "lmi"]
[SourceDate "2010.08.20"]

1. b3 d5 2. Bb2 Nf6 3. e3 c6 4. f4 Bg4 5. Be2 Bxe2 6. Qxe2 g6 7. Nf3 Bg7 8. d3
O-O 9. Nbd2 a5 10. a4 Na6 11. Ne5 Nd7 12. Ndf3 Nxe5 13. Bxe5 f6 14. Bb2 e5 15.
fxe5 fxe5 16. h4 Re8 17. e4 h6 18. h5 g5 19. O-O d4 20. Nh2 Qd7 21. Ba3 c5 22.
Rf5 Rf8 23. Raf1 Qd6 24. Nf3 Nc7 25. Nd2 Ne6 26. Nc4 Qc7 27. Qg4 Rae8 28. Bc1
b6 29. Bd2 Rxf5 30. Rxf5 Nf8 31. Be1 Nd7 32. Bg3 Qc6 33. Be1 Qe6 34. Bd2 Re7
35. Kh2 Nf6 36. Qf3 Nd7 37. Qh3 Bf6 38. Qg4 Bg7 39. Qf3 Qc6 40. Qh3 Qe6 41. Rf1
Nf6 42. Rf5 Nd7 43. Be1 Bf6 44. Bf2 Bg7 45. Bg3 Bf6 46. Kg1 Bg7 47. Kh2 Bf6 48.
Kg1 Bg7 49. Kf2 Bf6 50. Ke2 Bg7 51. Bh2 Bf6 52. Bg3 Bg7 53. Bh2 Bf6 54. Bg3
1/2-1/2

[Event "12. Open de Sants 2010"]
[Site "Barcelona ESP"]
[Date "2010.08.28"]
[Round "9.13"]
[White "Reinaldo Castineira, Roi"]
[Black "Vidarte Morales, Arturo"]
[Result "1/2-1/2"]
[WhiteElo "2511"]
[BlackElo "2409"]
[PlyCount "78"]
[EventDate "2010.08.20"]
[EventType "swiss"]
[EventRounds "10"]
[EventCountry "ESP"]
[Source "lmi"]
[SourceDate "2010.08.20"]

1. e4 c5 2. Nc3 e6 3. Nge2 a6 4. g3 Nc6 5. Bg2 Nf6 6. O-O Qc7 7. h3 d6 8. g4 b5
9. Ng3 Bb7 10. d3 O-O-O 11. a4 b4 12. Nce2 h6 13. d4 cxd4 14. Nxd4 Nxd4 15.
Qxd4 d5 16. exd5 e5 17. Qd3 Nxd5 18. c3 Kb8 19. Qe2 h5 20. gxh5 Bc5 21. cxb4
Bxb4 22. Be3 Qd7 23. Rfd1 Qe6 24. Rac1 Nf4 25. Bxf4 exf4 26. Bxb7 fxg3 27. Qxe6
fxe6 28. Rxd8+ Rxd8 29. Bxa6 gxf2+ 30. Kxf2 Rd2+ 31. Kf3 Rxb2 32. Rc8+ Ka7 33.
Bc4 Rc2 34. Ke4 Rc3 35. Bxe6 Rxc8 36. Bxc8 Bd2 37. Kf5 Kb6 38. Bd7 Bh6 39. Be8
Ka5 1/2-1/2

[Event "12. Open de Sants 2010"]
[Site "Barcelona ESP"]
[Date "2010.08.28"]
[Round "9.14"]
[White "Martinez Duany, Lelys Stanley"]
[Black "Bergez, Luc"]
[Result "1-0"]
[WhiteElo "2510"]
[BlackElo "2394"]
[PlyCount "67"]
[EventDate "2010.08.20"]
[EventType "swiss"]
[EventRounds "10"]
[EventCountry "ESP"]
[Source "lmi"]
[SourceDate "2010.08.20"]

1. e4 c5 2. Nf3 d6 3. d4 cxd4 4. Nxd4 Nf6 5. Nc3 g6 6. Be2 Bg7 7. O-O Nc6 8.
Nb3 O-O 9. Be3 Be6 10. f4 Na5 11. f5 Bc4 12. Bd3 b5 13. Nxb5 Nxe4 14. Bxe4 Bxb5
15. Nxa5 Qxa5 16. Qd5 Qa6 17. fxg6 Bxf1 18. gxf7+ Rxf7 19. Qxa8+ Bf8 20. Bd5
Bc4 21. Bxf7+ Kxf7 22. Qe4 Kg8 23. b3 Bf7 24. Rf1 Qc8 25. Qf5 Qe8 26. Bxa7 e5
27. a4 Bg6 28. Qg4 d5 29. a5 d4 30. a6 Bh6 31. Bc5 Be3+ 32. Kh1 Bf4 33. a7 Qa8
34. Bxd4 1-0

[Event "12. Open de Sants 2010"]
[Site "Barcelona ESP"]
[Date "2010.08.28"]
[Round "9.16"]
[White "Bukal, Vladimir Jr"]
[Black "Kempinski, Robert"]
[Result "1-0"]
[WhiteElo "2381"]
[BlackElo "2612"]
[PlyCount "71"]
[EventDate "2010.08.20"]
[EventType "swiss"]
[EventRounds "10"]
[EventCountry "ESP"]
[Source "lmi"]
[SourceDate "2010.08.20"]

1. d4 Nf6 2. c4 g6 3. g3 d5 4. cxd5 Nxd5 5. Bg2 Bg7 6. e4 Nb6 7. Ne2 c5 8. d5
e6 9. O-O O-O 10. Nec3 Na6 11. a4 exd5 12. exd5 Bf5 13. g4 Bxb1 14. Rxb1 Qd7
15. Nb5 Nc7 16. Nxc7 Qxc7 17. d6 Qd7 18. a5 Nc4 19. a6 bxa6 20. Bxa8 Rxa8 21.
Qf3 Rf8 22. Bf4 g5 23. Bxg5 Qxd6 24. b3 Ne5 25. Qe4 Qd7 26. Rfd1 Qxg4+ 27. Qxg4
Nxg4 28. Be7 Rc8 29. Rbc1 Bf8 30. Bxf8 Kxf8 31. Rd5 Rb8 32. Rc3 Re8 33. Rdxc5
Re2 34. Rf3 Ra2 35. h3 Nh6 36. Rh5 1-0

[Event "12. Open de Sants 2010"]
[Site "Barcelona ESP"]
[Date "2010.08.28"]
[Round "9.17"]
[White "Alonso Rosell, Alvar"]
[Black "Mascaro March, Pedro"]
[Result "1/2-1/2"]
[WhiteElo "2521"]
[BlackElo "2363"]
[PlyCount "99"]
[EventDate "2010.08.20"]
[EventType "swiss"]
[EventRounds "10"]
[EventCountry "ESP"]
[Source "lmi"]
[SourceDate "2010.08.20"]

1. d4 Nf6 2. c4 e6 3. g3 d5 4. Nf3 dxc4 5. Bg2 c5 6. O-O Nc6 7. Qa4 Bd7 8. Qxc4
cxd4 9. Nxd4 Rc8 10. Nc3 Nxd4 11. Qxd4 Bc5 12. Qf4 Bc6 13. Rd1 Qb6 14. Na4
Bxf2+ 15. Qxf2 Qxf2+ 16. Kxf2 Bxa4 17. Bxb7 Rc7 18. Rd4 Rxb7 19. Rxa4 Nd5 20.
b3 Kd7 21. Bb2 f6 22. e4 Rc8 23. Re1 Nb4 24. Rd1+ Kc7 25. Ba3 Nc6 26. Rc1 Kd7
27. Ke3 e5 28. Rc5 Nd4 29. Rxc8 Kxc8 30. Rc4+ Kd7 31. Kd3 h5 32. Bc5 Nc6 33.
Kc3 Rb8 34. b4 a6 35. Be3 Kc7 36. Rc5 Rd8 37. a4 Kb7 38. Rd5 Rc8 39. Rd7+ Rc7
40. Rxc7+ Kxc7 41. b5 axb5 42. axb5 Na5 43. Bc5 g6 44. h3 Nb7 45. Kc4 Na5+ 46.
Kc3 Kd7 47. Bb4 Kc7 48. Be7 Nb7 49. g4 f5 50. Bb4 1/2-1/2

[Event "12. Open de Sants 2010"]
[Site "Barcelona ESP"]
[Date "2010.08.28"]
[Round "9.18"]
[White "Lanzani, Mario"]
[Black "Escobar Forero, Alder"]
[Result "1/2-1/2"]
[WhiteElo "2362"]
[BlackElo "2474"]
[PlyCount "81"]
[EventDate "2010.08.20"]
[EventType "swiss"]
[EventRounds "10"]
[EventCountry "ESP"]
[Source "lmi"]
[SourceDate "2010.08.20"]

1. e4 c5 2. Nf3 Nc6 3. Bb5 d6 4. O-O Bd7 5. Re1 Nf6 6. h3 a6 7. Bf1 g6 8. c3
Bg7 9. d4 cxd4 10. cxd4 d5 11. exd5 Nxd5 12. Nc3 Nxc3 13. bxc3 O-O 14. c4 Bf5
15. Be3 b5 16. g4 Bc8 17. cxb5 axb5 18. Bxb5 Qd5 19. Bf1 Rxa2 20. Rxa2 Qxa2 21.
Qc1 Bb7 22. Bg2 Qa8 23. Qa1 Rd8 24. Qxa8 Bxa8 25. Ra1 Nb4 26. Ra7 Kf8 27. Ng5
Bxg2 28. Kxg2 h6 29. Nf3 Nd5 30. Ra5 e6 31. Ra7 Rc8 32. Bd2 Kg8 33. Rb7 g5 34.
Kg3 Rc2 35. h4 Bxd4 36. hxg5 hxg5 37. Nxd4 Rxd2 38. Nc6 Rd3+ 39. Kh2 Rd2 40.
Kg3 Rd3+ 41. Kh2 1/2-1/2

[Event "12. Open de Sants 2010"]
[Site "Barcelona ESP"]
[Date "2010.08.28"]
[Round "9.20"]
[White "Panelo, Marcelo"]
[Black "Rios, Cristhian Camilo"]
[Result "1-0"]
[WhiteElo "2450"]
[BlackElo "2337"]
[PlyCount "69"]
[EventDate "2010.08.20"]
[EventType "swiss"]
[EventRounds "10"]
[EventCountry "ESP"]
[Source "lmi"]
[SourceDate "2010.08.20"]

1. Nf3 c5 2. c4 Nc6 3. g3 e5 4. d3 d6 5. Bg2 g6 6. O-O Bg7 7. Nc3 Nge7 8. a3
O-O 9. Rb1 a5 10. Ne1 Be6 11. Nd5 f5 12. Nc2 h6 13. b4 Rb8 14. Bd2 b6 15. Nxe7+
Nxe7 16. bxa5 bxa5 17. Rxb8 Qxb8 18. Bxa5 Qa7 19. Bc3 f4 20. Qa1 Qa4 21. Qb2
Bg4 22. Ne1 h5 23. Nf3 fxg3 24. hxg3 Nc6 25. Qb5 Qxa3 26. Qxc6 Qxc3 27. Qxd6
Bxf3 28. Bxf3 Kh7 29. Qxc5 h4 30. Kg2 Qd2 31. Qe7 Rf6 32. Rh1 g5 33. Qxe5 Kh6
34. Rxh4+ Kg6 35. Qe8+ 1-0